000
00361nam a2200133Ia 4500
008
151001s9999||||xx |||||||||||||| ||und||
100
_a
Litta Jacob
245
_a
Thumbeline finds her ture love
250
_a
1
260
_b
DC Books
260
_c
2008
300
_a
29
365
_b
18
999
_c
992976
_d
992973